000 01043nam a2200277 i 4500
001 000025987
003 DO-SdBNP
005 20251204073702.0
007 ta
008 110225s2005 dr r 000 0 spa d
040 _aDO-SdBNP
_bspa
_cBNPHU
_erda
082 4 _a347.7293
_bS941a
_222
100 1 _aSubero Isa, Jorge A.,
_d1947-
_eautor
_4aut.
_976863
245 1 0 _aAudiencia solemne del 7 de enero del 2005 :
_ba modo de informe anual /
_cJorge A. Subero Isa.
264 1 _aSanto Domingo :
_bSuprema Corte de Justicia,
_c2005.
300 _a139 páginas ;
_c21 cm.
336 _atexto
_btxt
_2rdacontent
337 _asin mediación
_bn
_2rdamedia
338 _avolumen
_bnc
_2rdacarrier
590 _aInventariado, 2018/BT
650 4 _aPoder judicial
_zRepública Dominicana
_946172
_vEnsayos, conferencias, etc.
650 0 _aAdministración de justicia
_zRepública Dominicana
_910083
650 4 _aAdministración de justicia penal
_vEnsayos, conferencias, etc.
_988262
910 _aValidado. Control de calidad. EMS
942 _2ddc
_cLBS1
999 _c25479
_d25479